<?xml version="1.0" encoding="UTF-8"?>
<marc:record xmlns:marc="http://www.loc.gov/MARC21/slim">
   <marc:leader>00000nam a2200000 a 4500</marc:leader>
   <marc:datafield ind1="1" ind2=" " tag="100">
      <marc:subfield code="a">Scholz, Irina</marc:subfield>
   </marc:datafield>
   <marc:datafield ind1="1" ind2=" " tag="100">
      <marc:subfield code="a">Lamballe, Marie</marc:subfield>
   </marc:datafield>
   <marc:datafield ind1=" " ind2=" " tag="653">
      <marc:subfield code="a">Hörbuch</marc:subfield>
   </marc:datafield>
   <marc:datafield ind1=" " ind2=" " tag="653">
      <marc:subfield code="a">Familiensaga</marc:subfield>
   </marc:datafield>
   <marc:datafield ind1=" " ind2=" " tag="653">
      <marc:subfield code="a">Deutschland</marc:subfield>
   </marc:datafield>
   <marc:datafield ind1=" " ind2=" " tag="653">
      <marc:subfield code="a">Nachkriegszeit</marc:subfield>
   </marc:datafield>
   <marc:datafield ind1="0" ind2="0" tag="245">
      <marc:subfield code="a">Töchter der Hoffnung</marc:subfield>
   </marc:datafield>
   <marc:datafield ind1="0" ind2="0" tag="245">
      <marc:subfield code="c">Marie Lamballe. Gelesen von Irina Scholz</marc:subfield>
   </marc:datafield>
   <marc:datafield ind1=" " ind2="1" tag="264">
      <marc:subfield code="a">Bergisch Gladbach</marc:subfield>
      <marc:subfield code="b">Lübbe Audio</marc:subfield>
      <marc:subfield code="c">2020</marc:subfield>
   </marc:datafield>
   <marc:datafield ind1="1" ind2=" " tag="490">
      <marc:subfield code="a">Café Engel</marc:subfield>
      <marc:subfield code="v">3</marc:subfield>
   </marc:datafield>
   <marc:datafield ind1="1" ind2=" " tag="520">
      <marc:subfield code="a">Wiesbaden, 1959. Im Café Engel führt nun Tochter Hilde die Geschäfte und bringt frischen Wind in das Traditionshaus. Als wahrer Glückfall entpuppt sich der neue Konditor, dessen verführerische Tortenkreationen immer mehr Gäste ins Café locken. Doch Hilde und ihre Cousine Luisa müssen um ihr persönliches Glück bangen: Während Hilde und ihre Cousine Luisa müssen um ihr persönliches Glück bangen: Während Hildes Jean-Jaques neuerdings viel Zeit mit der hübschen Französin verbringt, die auf seinem Weingut aushilft, scheint Luisas Ehrmann Fritz irgendetwas vor ihr zu verheimlichen. Als plötzlich ein Brief eintrifft, der alte Wunden aus Kriegszeiten aufreißt, ist jeder in der Familie gefordert. Es geht um die Existenz des Café Engel</marc:subfield>
   </marc:datafield>
   <marc:datafield ind1="0" ind2=" " tag="490">
      <marc:subfield code="v">0</marc:subfield>
   </marc:datafield>
   <marc:datafield ind1=" " ind2=" " tag="300">
      <marc:subfield code="a">6 CDs (ca. 450 Min.)</marc:subfield>
   </marc:datafield>
</marc:record>
